000 00383nam a2200133Ia 4500
008 220217s9999||||xx |||||||||||||| ||und||
020 _a81-203-2020-4
082 _a005.133 BHA
100 _aAndrew, Duthie, G
_92362
245 0 _aMicrosoft ASP.NET: professional projects
260 _aPrentiice hall of india
_bNew Delhi
_c2001
300 _b295
650 _aOperating systems
999 _c168888
_d168888